000 01238cam a22003134a 4500
999 _c330482
_d330482
001 12684692
003 NUST
005 20170717165038.0
008 020213s2002 ctua b 001 0 eng
010 _a 2002022444
020 _a1573563072 (alk. paper)
035 _a(DLC) 2002022444
040 _aDLC
_cDLC
_dDLC
042 _apcc
050 0 0 _aT174.7
_b.N49 2002
082 0 0 _a620.5 NEW
_221
100 1 _aNewton, David E.
_93339
245 1 0 _aRecent advances and issues in molecular nanotechnology /
_cby David E. Newton.
260 _aWestport, Conn. :
_bGreenwood Press,
_c2002.
300 _ax, 306 p. :
_bill. ;
_c25 cm.
440 0 _aOryx frontiers of science series
_93340
500 _a"An Oryx book."
501 _aIncludes bibliographical references and index.
650 0 _aNanotechnology.
_92826
856 4 1 _3Table of contents
_uhttp://www.loc.gov/catdir/toc/fy035/2002022444.html
906 _a7
_bcbc
_corignew
_d1
_eocip
_f20
_gy-gencatlg
942 _2ddc
_cBK
_kIESE